Statistiques concernant Pays participant à la coupe du monde de Hockey sur glace (2017)

Cliquez ici pour prendre le quiz!

Statistiques générales

  • Ce quiz a été pris 1 946 fois
    (1 431 depuis la dernière actualisation)
  • Le résultat moyen est 12 sur 16

Statistiques - réponses

Pays% Correct
Canada
96%
États-Unis
96%
France
96%
Russie
90%
Suède
89%
Finlande
87%
Norvège
84%
Allemagne
82%
Danemark
74%
Suisse
74%
Italie
64%
Lettonie
56%
Slovaquie
55%
Rép. Tchèque
53%
Slovénie
49%
Biélorussie
48%

Distribution des résultats

Percentile par nombre de réponses

% des personnes avec chaque résultat

Votre développement - résultats

Vous n’avez pas pris ce quiz depuis la dernière actualisation